000 00319nam a22001337a 4500
020 _a0-673-29450-1
082 _a830
_bPUR/S
100 _aPURVES, ALAN C
245 _aLITERATURE AND INTEGRATED STUDIES
260 _aUNITED STATES
_bSCOTT FORESMAN
_c1997
300 _a1020
650 _aENCYCLOPEDIA
_zINDIA
942 _cBK
999 _c1783
_d1783